000 00684nam a2200289Ia 4500
005 20260324114758.0
008 008 260324s9999 xx 000 0 eng d
020 _a9780429355271
037 _aEBOOK
040 _aCRL
040 _beng
040 _cCRL
041 _2eng
041 _aeng
084 _qCRL
100 _aDan Prock
_91152125
245 4 _aThe Sensei Way at Work
245 4 _bThe Five Keys to a Lean Business Transformation
260 _bTaylor and Francis
260 _c2021
365 _a
365 _b205
856 _uhttp://www.taylorfrancis.com/books/9780429355271
942 _cEBOOK
999 _c1742494
_d1742494